000 00613nam a22002057a 4500
999 _c3646
_d3646
003 AR-CdUCM
008 190307b ||||| |||| 00| 0 spa d
020 _a987-22070-0-3
040 _aMUNICIPALIDAD PROVINCIAL DEL CUSCO
_cBIBLIOTECA MUNICIPAL DEL CUSCO
082 _a869 /
_bF272
100 _aFavale, Roque Daniel
_911880
245 _aRelación de dos mundos /
260 _aBuenos Aires :
_bEditorial histórica,
_c2005.
300 _a300 paginas ;
_c21 cm.
505 _aNovela
650 _aNovela Argentina
_99108
650 _aLiteratura latinoamericana
_91143
942 _2ddc
_cLIBROS
945 _awnts